01006nam a2200193Ia 4500003000400000005001700004008004100021040002100062041000800083082002700091100003400118245016200152260003100314300003500345500003700380505033800417650003200755651002500787OSt20210525144311.0210310s1950 sp gr 000 0 spa d aCO-JMCRcCO-JMCR0 aspa04a332.75075 /bG723S2231 aGoxens Duch, Antonio, eautor10aSuspensiones de pagos, quiebras y moratorias : bestudio comercial, económico, contable y jurídico de sus orígenes y soluciones / cAntonio Goxens Duch aMadrid : bAguilar, c1950 aXVII, 444 páginas ; c24 cm. aIncluye notas a pie de página.0 aNociones previas de administración y de contabilidad -- Causas, síntomas y soluciones -- Revisión de la contabilidad y del negocio -- Moratorias y acuerdos particulares -- Soluciones judiciales -- Liquidación de negocios -- De la moral comercial -- Misión de los técnicos titulados -- Disposiciones legales -- Formularios14aQuiebra (Derecho mercantil) 4aEspañaxBanca rota